Capital or not - Sudden Death - Statistics

General Stats
  • This quiz has been taken 69 times
    67 since last reset
  • The average score is 10 of 17
Answers on the Grid
Answers color-coded by a green-red scale on the quiz's grid according to % correct below.
Accra
San Juan
Timbuktu
Porto
San Jose
Guatemala City
Toronto
Podgorica
Sarajevo
Skopje
Milan
Suva
Auckland
Ho Chi Minh City
Phnom Penh
Mumbai
Amman
Madrid
Sevilla
Valetta
Cayenne
Marseille
Ottawa
New York City
Los Angeles
Dublin
Edinburgh
Luxembourg
Minsk
Oslo
 
Answer Stats
Answer % Correct
Oslo
77%
Madrid
75%
Dublin
71%
Ottawa
71%
Guatemala City
67%
Minsk
67%
Sarajevo
67%
Luxembourg
62%
Skopje
62%
Valetta
58%
Accra
52%
Podgorica
52%
Amman
50%
Phnom Penh
50%
Suva
46%
San Jose
40%
San Juan
21%
No matching quizzes found
Score Distribution
Percent of People with Each Score
Percentile by Number Answered
Your Score History
You have not taken this quiz since the last reset